Diseñar y construir con bambú en el Perú = Bamboo design and construction in Peru : (Registro nro. 5091)
[ vista simple ]
| 000 -LEADER | |
|---|---|
| fixed length control field | 01207nam a22002897a 4500 |
| 003 - CONTROL NUMBER IDENTIFIER | |
| control field | PE SENCICO BE |
| 005 - DATE AND TIME OF LATEST TRANSACTION | |
| control field | 20251020182711.0 |
| 008 - FIXED-LENGTH DATA ELEMENTS--GENERAL INFORMATION | |
| fixed length control field | 250206b |||||||| |||| 00| 0 eng d |
| 020 ## - INTERNATIONAL STANDARD BOOK NUMBER | |
| International Standard Book Number | 978-612-4221-99-6 |
| 040 ## - CATALOGING SOURCE | |
| Original cataloging agency | PE SENCICO BE |
| Transcribing agency | PE SENCICO BE |
| 041 ## - LANGUAGE CODE | |
| Language code of text/sound track or separate title | spa |
| -- | eng |
| 082 ## - DEWEY DECIMAL CLASSIFICATION NUMBER | |
| Classification number | 745.51 |
| Item number | J12 |
| 100 1# - MAIN ENTRY--PERSONAL NAME | |
| 9 (RLIN) | 2917 |
| Personal name | Jabrane, Faouzi |
| Relator term | autor |
| 245 1# - TITLE STATEMENT | |
| Title | Diseñar y construir con bambú en el Perú = Bamboo design and construction in Peru : |
| Remainder of title | 17 proyectos de arquitectura = 17 architecture projects / |
| Statement of responsibility, etc. | Faouzi Jabrane, Yann Barnet |
| 250 ## - EDITION STATEMENT | |
| Edition statement | 1a ed. |
| 260 ## - PUBLICATION, DISTRIBUTION, ETC. | |
| Place of publication, distribution, etc. | Lima : |
| Name of publisher, distributor, etc. | USMP. Fondo editorial ; |
| Date of publication, distribution, etc. | 2019 |
| 300 ## - PHYSICAL DESCRIPTION | |
| Extent | 230 páginas : |
| Other physical details | ilustraciones a color, láminas ; |
| Dimensions | 30 cm. |
| 505 1# - FORMATTED CONTENTS NOTE | |
| Formatted contents note | ¿Por que construir con bambú en el Perú? -- Experiencia y visión de IVUC -- Proyectos construidos del IVUC -- Tipología de vivienda social -- Proyectos personales. |
| 650 10 - SUBJECT ADDED ENTRY--TOPICAL TERM | |
| 9 (RLIN) | 323 |
| Topical term or geographic name entry element | Bambú (Guadua Angustifolia) |
| 650 20 - SUBJECT ADDED ENTRY--TOPICAL TERM | |
| 9 (RLIN) | 339 |
| Topical term or geographic name entry element | Construcciones de bambú |
| 650 20 - SUBJECT ADDED ENTRY--TOPICAL TERM | |
| 9 (RLIN) | 59 |
| Topical term or geographic name entry element | Construcción de viviendas |
| 650 20 - SUBJECT ADDED ENTRY--TOPICAL TERM | |
| 9 (RLIN) | 71 |
| Topical term or geographic name entry element | Materiales de construcción |
| 650 20 - SUBJECT ADDED ENTRY--TOPICAL TERM | |
| 9 (RLIN) | 940 |
| Topical term or geographic name entry element | Proyectos de edificaciones |
| 700 1# - ADDED ENTRY--PERSONAL NAME | |
| 9 (RLIN) | 2918 |
| Personal name | Barnet, Yann |
| Relator term | autor |
| 910 ## - USER-OPTION DATA (OCLC) | |
| User-option data | hfp |
| -- | hfp |
| -- | hfp |
| 942 ## - ADDED ENTRY ELEMENTS (KOHA) | |
| Source of classification or shelving scheme | Dewey Decimal Classification |
| Koha item type | Libros |
| Fecha de la última vez que lo usaron | Pago total | Signatura topográfica completa | Código de barras | Precio efectivo desde | Tipo de documento | Estado perdido | Sistema de clasificación | Estado dañado | No es para préstamo | Retirado | Ubicación permanente | Ubicación actual | Fecha de adquisición | Fuente de adquisición |
|---|---|---|---|---|---|---|---|---|---|---|---|---|---|---|
| 06/02/2025 | 745.51/J12 | BibLima25020005 | 06/02/2025 | Libros | Dewey Decimal Classification | Biblioteca Central Lima | Biblioteca Central Lima | 05/12/2024 | Comprado de la librería San Cristóbal |